000 00470nam a2200169 4500
001 119384
003 ES-MaACL
005 20250730063126.0
007 t|
008 070214s1960 sp r ||||1| spa d
100 1 _aPérez Hervada, Eduardo
_990941
245 1 0 _aHabla el médico /
_cEduardo Pérez Hervada.
260 _aLa Coruña :
_bMarineda,
_c1960.
300 _a230 p. ;
_c21 cm.
852 _aES-MaACL
_jF-14081
_bR.47827
999 _c119384
_d119384